| 000 | 00797nam a2200253 i 4500 | ||
|---|---|---|---|
| 001 | 55891 | ||
| 003 | ES-MaACL | ||
| 005 | 20260525062927.0 | ||
| 007 | t| | ||
| 008 | 030930s1956 sp ||||1| spa d | ||
| 040 | _cES-MaACL | ||
| 100 | 1 |
_aDíaz-Cañabate, Antonio, _d1898-1980 _944194 _eaut |
|
| 245 | 1 | 0 |
_aHistoria de una taberna / _cA. Díaz Cañabate. |
| 250 | _aTercera edición | ||
| 260 |
_a[Madrid] : _bEspasa-Calpe, _c[1956] |
||
| 300 |
_a226 páginas ; _c17 cm. |
||
| 490 | 1 |
_aColección austral ; _v711 |
|
| 655 | 0 |
_9234319 _aNovelas |
|
| 830 | 1 |
_aColección austral _v711 _9177655 |
|
| 852 |
_aES-MaACL _jC-11486 _bR.38309 _958038 _cSPAL _xEncuadernación rústica |
||
| 942 |
_cMONOGRAFIA _n0 |
||
| 999 |
_c55891 _d55891 |
||